000 01312nam a2200289 a 4500
005 20240305165359.0
007 cr |||||||||||
008 120816s---- sp |||||s|||||||| ||spa|c
020 _a9788470887468
035 _a6655
040 _avLex
090 _c3406
_d3406
100 1 _aRuiz López, Miguel Angel
245 1 3 _aLa Potestad de desahucio administrativo
_h[Recurso electrónico] /
_cMiguel Ángel Ruiz López
256 _aServicio en línea
260 _aMadrid :
_bInstituto Nacional de Administración Pública,
_c2012
300 _a1 recurs electrònic (542 p.)
506 1 _aContenido solo disponible en los productos indicados
_dvLex Global
_dvLex Global (Academic Edition, excluding Law Schools)
_dvLex Global (U.S. Academic Edition, Law Schools)
_dvLex Global (U.S. Academic Edition, excluding Law Schools)
_dvLex Global (Academic Edition, Law Schools)
650 4 _aDerecho ambiental
_zEspaña
650 4 _aUrbanismo
_zEspaña
650 4 _aDesarrollo urbano
_zEspaña
710 2 _aInstituto Nacional de Administración Pública (España)
740 0 _avLex Libros (Servicio en línea)
830 0 _aMonografías (Instituto Nacional de Administración Pública (España))
856 _uhttps://app.vlex.com/#/sources/potestad-desahucio-administrativo-6655
942 _cRAA
999 _c161797
_d161797